|
|
|
|
| LEADER |
00000nas a2200000 a 4500 |
| 001 |
ssj0000909 |
| 003 |
WaSeSS |
| 005 |
20200512172242.0 |
| 006 |
m d |
| 007 |
cr n |
| 008 |
020910c19619999mauqr p s o 0 a0eng c |
| 010 |
|
|
|a 2009250649
|
| 022 |
|
|
|a 2330-118X
|y 0039-3762
|
| 035 |
|
|
|a (WaSeSS)ssj0000909
|
| 040 |
|
|
|a BUF
|b eng
|c BUF
|d OCLCQ
|d OCLCS
|d AUD
|d OCLCE
|d BUF
|d CNTRU
|d EYM
|d OCLCQ
|d DLC
|d OCLCF
|d DLC
|d OCLCQ
|d GILDS
|d OCLCO
|d VT2
|d CUS
|d WaSeSS
|
| 042 |
|
|
|a pcc
|a nsdp
|
| 050 |
|
4 |
|a PN751
|b .S8
|
| 082 |
0 |
0 |
|a 809/.91/4
|2 23
|
| 222 |
|
0 |
|a Studies in romanticism
|b (Online)
|
| 245 |
0 |
0 |
|a Studies in romanticism
|h [electronic resource].
|
| 260 |
|
|
|a Boston :
|b Graduate School, Boston University,
|c 1961-
|
| 310 |
|
|
|a Quarterly
|
| 362 |
1 |
|
|a Print began with vol. 1, no. 1 (autumn 1961).
|
| 506 |
|
|
|a License restrictions may limit access.
|
| 538 |
|
|
|a Mode of access: World Wide Web.
|
| 588 |
|
|
|a Description based on: Vol. 1, no. 1 (autumn 1961); title from PDF cover (Periodicals Archive Online, viewed Sept. 24, 2009).
|
| 588 |
|
|
|a Latest issue consulted: Vol. 48, no. 4 (winter 2009) (JSTOR website, viewed July 22, 2013).
|
| 650 |
|
0 |
|a Romanticism
|v Periodicals.
|
| 650 |
|
6 |
|a Romantisme
|v Périodiques.
|
| 650 |
|
7 |
|a Romanticism.
|2 fast
|0 (OCoLC)fst01100133
|
| 650 |
1 |
7 |
|a Letterkunde.
|2 gtt
|
| 653 |
|
|
|a Ancient Civilisations
|
| 653 |
|
|
|a Literature
|
| 655 |
|
0 |
|a Electronic journals.
|
| 710 |
2 |
|
|a Boston University.
|b Graduate School.
|
| 776 |
0 |
8 |
|i Print version:
|t Studies in romanticism
|x 0039-3762
|w (DLC) 63005154
|w (OCoLC)1766743
|
| 856 |
4 |
0 |
|z Full text available from Research Library: 07/01/1997 to present
|u https://search.proquest.com/publication/48468
|